MARC

Tag First Indicator Second Indicator Subfields
LEADER 00000nam a2200000 i 4500
001 in00004663113
003 OCoLC
005 20220407150150.2
006 m o d
007 cr |||||||||||
008 210713s2022 caua ob 001 0 eng
010 |a  2021034449 
024 8 |a 99993391324 
040 |a DLC  |b eng  |e rda  |c DLC  |d OCLCO  |d OCLCF  |d OCLCO  |d YDX  |d UKAHL  |d N$T  |d TEFOD  |d GGVRL  |d OCLCO  |d YDX 
019 |a 1302342404 
020 |a 9781523001040  |q electronic book 
020 |a 1523001046  |q electronic book 
020 |a 9781523001033  |q electronic book 
020 |a 1523001038  |q electronic book 
020 |z 9781523001026  |q paperback 
035 |a (OCoLC)1262694783  |z (OCoLC)1302342404 
037 |a 44643E9B-D8E7-4F09-BD8C-290A3000960F  |b OverDrive, Inc.  |n http://www.overdrive.com 
042 |a pcc 
043 |a n-us--- 
050 4 |a KF1263.C65  |b H375 2022 
082 0 0 |a 342.7308/58  |2 23 
100 1 |a Hartmann, Thom,  |d 1951-  |e author. 
245 1 4 |a The hidden history of big brother in America :  |b how the death of privacy and the rise of surveillance threaten us and our democracy /  |c Thom Hartmann. 
250 |a First edition. 
264 1 |a Oakland, CA :  |b Berrett-Koehler Publishers, Inc.,  |c [2022] 
300 |a 1 online resource () :  |b illustrations. 
336 |a text  |b txt  |2 rdacontent 
337 |a computer  |b c  |2 rdamedia 
338 |a online resource  |b cr  |2 rdacarrier 
504 |a Includes bibliographical references and index. 
505 0 |a Introduction : The Big Picture of Social Control vs. Democracy -- Big Brother & Social Control -- Big Brother and the Emergence of Surveillance Capitalism -- Big Brother and the Real Global Info Wars -- Putting the Reins on Surveillance Capitalism. 
588 |a Description based on online resource; title from digital title page (viewed on April 05, 2022). 
650 0 |a Privacy, Right of  |x Political aspects  |z United States. 
650 0 |a Data protection  |x Law and legislation  |z United States. 
650 0 |a Electronic surveillance  |x Law and legislation  |z United States. 
650 0 |a Social media  |x Law and legislation  |z United States. 
650 0 |a Social control  |z United States. 
651 0 |a United States  |x Politics and government. 
650 6 |a Contrôle social  |z États-Unis. 
651 6 |a États-Unis  |x Politique et gouvernement. 
650 7 |a Data protection  |x Law and legislation.  |2 fast  |0 (OCoLC)fst00887963 
650 7 |a Electronic surveillance  |x Law and legislation.  |2 fast  |0 (OCoLC)fst00907480 
650 7 |a Politics and government.  |2 fast  |0 (OCoLC)fst01919741 
650 7 |a Social control.  |2 fast  |0 (OCoLC)fst01122415 
650 7 |a Social media  |x Law and legislation.  |2 fast  |0 (OCoLC)fst01767818 
651 7 |a United States.  |2 fast  |0 (OCoLC)fst01204155 
655 7 |a Electronic books.  |2 local 
710 2 |a EBSCOhost 
776 1 8 |i Print version:  |a Hartmann, Thom, 1951-  |t Hidden history of big brother in America  |b First edition  |d Oakland : Berrett-Koehler, 2022  |z 9781523001026  |w (DLC) 2021034448 
856 4 0 |u http://proxy.library.tamu.edu/login?url=https://search.ebscohost.com/login.aspx?direct=true&scope=site&db=nlebk&db=nlabk&AN=3017560  |z Connect to the full text of this electronic book  |t 0 
945 |b 648817 
955 |a YBP purchased EBSCO DDA e-records 
980 |b ebook  |c 99993391324  |f NONFIC/S  |g 565702  |k USD  |m 29.88  |q 1  |s AcqMono Conventional  |t Demand driven acquisitions (DDA)  |u Vendor order reference number  |v ZYBP  |y PDA  |z Electronic resource 
999 f f |i b76e9932-eed9-461c-805e-75f3c2f9ae8a  |s 97a51847-8876-47ea-afcd-f0877ed67ff0  |t 0 
952 f f |a Texas A&M University  |b College Station  |c Electronic Resources  |s www_evans  |d Available Online  |t 0  |e KF1263.C65 H375 2022  |h Library of Congress classification